| 000 | 00000nam##2200000za#4500 |
| 001 | 9.577017 |
| 003 | CaOODSP |
| 005 | 20210624185419 |
| 007 | cr ||||||||||| |
| 008 | 150406|1990||||xxc|||||o f|0| 0 eng|d |
| 040 | |aCaOODSP|beng |
| 043 | |an-cn--- |
| 086 | 1 |aFs97-13/818E-PDF |
| 110 | 1 |aCanada. |bDepartment of Fisheries and Oceans. |
| 245 | 10|aCompiler listing for Chemical Speciation Program Macs80. Versa. 1 for Microsoft® Fortran Version 5 for Ms-Dos® / |h[electronic resource]|cby R. Wagemann, G. Regehr and R. Lypka. |
| 260 | |aWinnipeg - Manitoba : |bFisheries and Oceans Canada |c1990. |
| 300 | |a202p.|btables |
| 490 | 1 |aCanadian data report of fisheries and aquatic sciences|vNo. 818 |
| 500 | |aOn t.p.: Central and Arctic Region, Winnipeg, Manitoba. Catalogue number and ISSN of the print edition appear in the PDF version. |
| 546 | |a(Résumé en français) |
| 590 | |a13-19-Supp|b2013-08-14 |
| 720 | 1 |aWagemann, R. |
| 720 | 1 |aRegehr, G. |
| 720 | 1 |aLypka, R. |
| 830 | #0|aCanadian data report of fisheries and aquatic sciences ;|vNo. 818|w(CaOODSP)9.505124 |
| 856 | 40|ahttp://publications.gc.ca|qPDF|s2102 KB|uhttps://publications.gc.ca/collections/collection_2013/mpo-dfo/Fs97-13-818-eng.pdf|yNo. 818 |